Structural modeling by example : applications in educational, sociological, and behavioral research
Αποθηκεύτηκε σε:
| Άλλοι συγγραφείς: | , |
|---|---|
| Μορφή: | Βιβλίο |
| Γλώσσα: | English |
| Δημοσίευση: |
Cambridge :
Cambridge University Press,
1987
|
| Θέματα: | |
| Ετικέτες: |
Προσθήκη ετικέτας
Δεν υπάρχουν, Καταχωρήστε ετικέτα πρώτοι!
|
MARC
| LEADER | 00000nam a2200000 i 4500 | ||
|---|---|---|---|
| 001 | 1/91900 | ||
| 008 | 991105s1987 eng d | ||
| 020 | |a 0-521-26195-3 | ||
| 035 | |l 10053813 | ||
| 040 | |a GR-MY-UA |b gre |e aacr | ||
| 041 | 0 | |a eng | |
| 082 | 0 | |a 300.72 | |
| 245 | 1 | 0 | |a Structural modeling by example : |b applications in educational, sociological, and behavioral research / |c edited by Peter Cuttance, Russell Ecob |
| 260 | |a Cambridge : |b Cambridge University Press, |c 1987 | ||
| 300 | |a 319 p. | ||
| 650 | 0 | 0 | |a Social sciences |x Mathematical models. |
| 650 | 0 | 0 | |a Social sciences |x Research |x Methodology. |
| 700 | 1 | |a Cuttance, Peter. |4 edt | |
| 700 | 1 | |a Ecob, Russell. |4 edt | |
| 852 | |a INST |b RHODES |e 19991105 |h 300.72 STR |p 005400012020 |q 005400012020 |t BK |y 0 | ||
| 901 | |a BIBL4-1999-3 | ||
| 909 | |a Ρ |b 068297 | ||
| 922 | |a 4ΕΛΗ |b 199908 |c ΚΠΣ/154 |d GLORY BOOKS | ||
| 970 | |a ΚΟΥΛΑΚΙΟΤΗ |b ΛΙΤΣΑ |z 1999/11/05 | ||